|
|
|
|
| LEADER |
01120cam a2200325Ia 4500 |
| 001 |
9780203424988 |
| 003 |
FlBoTFG |
| 005 |
20091230162920.0 |
| 006 |
a|||||s||||||||||| |
| 007 |
cr|||| |
| 008 |
010806s2002 enk sb 001 0 eng d |
| 020 |
|
|
|a 9780203424988 (e-book : PDF)
|
| 040 |
|
|
|a FlBoTFG
|c FlBoTFG
|d GrThAP
|
| 041 |
1 |
|
|a eng
|h gre
|
| 043 |
|
|
|a e-gr---
|
| 090 |
|
|
|a PA3131
|b .S6613 2002
|
| 092 |
|
|
|a 882.0109
|b S697
|
| 100 |
1 |
|
|a Sommerstein, Alan H.
|
| 240 |
1 |
0 |
|a Theatron.
|l English
|
| 245 |
1 |
0 |
|a Greek drama and dramatists
|h [electronic resource] /
|c Alan H. Sommerstein.
|
| 260 |
|
|
|a London ;
|a New York :
|b Routledge,
|c 2002.
|
| 300 |
|
|
|a ix, 192 p.
|
| 504 |
|
|
|a Includes bibliographical references (p. 172-180) and index.
|
| 530 |
|
|
|a Also available in print edition.
|b CRC Press (http://www.crcpress.com)
|
| 538 |
|
|
|a Mode of access: World Wide Web.
|
| 650 |
|
0 |
|a Greek drama
|x History and criticism.
|
| 650 |
|
0 |
|a Theater
|z Greece
|x History
|y To 500.
|
| 655 |
|
7 |
|a Electronic books.
|2 lcsh
|
| 776 |
1 |
|
|z 9780415260275
|
| 856 |
4 |
0 |
|u http://www.tandfebooks.com/isbn/9780203424988
|z Full Text via HEAL-Link
|